Представление документа в формате RUSMARC

ПолеНазваниеЗначение
  Тип записи c
  Библиографический уровень m
001 Контрольный номер RU/УОНБ/EK_N/413977562
005 Дата корректировки 20250417163125.2
013 Номер (ISMN) __
a Номер (ISMN) M-014-06960-5
d Цена 503 р. 10 к.
071 Издательские номер (звукозапись и ноты) 21
a Номер, присвоенный агентством 31605a
100 Данные общей обработки __
a Данные общей обработки 20130212d1991 u y0rusy0189 ba
101 Язык документа 0_
a Язык текста ger
a Язык текста eng
c Язык оригинала ger
f Язык титульного листа ger
102 Страна публикации __
a Страна публикации DE
125 Кодированные данные звукозаписи и нотных изданий __
a Форма изложения нотного текста z|
128 Кодированные данные (звукозаписи-физические характеристики) __
a Кодированные данные: Музыкальная форма и тональность или лад zz
c Инструменты или голоса, рекомендуемые для солистов (устаревшее) wa||
200 Заглавие и сведения об ответственности 1_
a Заглавие Barock
210 Выходные данные 1_
d Дата издания cop. 1991
215 Физическое описание __
a Объем 74 c.
327 Примечание о содержании 11
a Примечание о содержании Содерж.: Marais M. Les Folies d'Espagne. - Hotteterre J. Echo's ; Preludes. - Boismortier J. B. de. Suite V in h ; Suite VI in A. - Blavet M. Gigue en Rondeau und Rondeau. - Braun J. D. Suite in e [1] ; Suite in h ; Suite in e [2]. - Mahaut A. Allegro in G. - Telemann G. Ph. Fantasia VII in D ; Fantasia VIII in e ; Fantasia X in fis ; Fantasia VI in d. - Bach J. S. Partita in a. - Bodinus S. Caprice en Gigue. - Quantz J. J. Alla Francese ; Capriccio in B ; Preludio in D ; Capriccio in G ; Fantasia in e ; Fantasia in C. - Bach C. Ph. E. Sonate in a. - Delusse Ch. Caprice IV in A.
461 Уровень набора _0
1 2001
a Die Soloflote
d Соло для флейты
e eine Sammlung reprasentativer Werke fur Querflote allein vom Barock bis zur Gegenwart
f hrsg. und Nachwort von Mirjam Nastasi
v Band 1
1 2101
a Frankfurt
c C. F. Peters
d 1991 -
1 001RU/УОНБ/EK_N/413976844
1 2251
a Edition Peters
464 Аналитический уровень _0
1 2001
a Les Folies d'Espagne
1 700 1
a Marais
b M.
g Marin
f 1656-1728
464 Аналитический уровень _0
1 2001
a Echo's
1 700 1
a Hotteterre
b J.
g Jacques
f 1674-1763
464 Аналитический уровень _0
1 2001
a Preludes
1 700 1
a Hotteterre
b J.
g Jacques
f 1674-1763
464 Аналитический уровень _0
1 2001
a Suite V in h
1 700 1
a Boismortier
b J. B. de
g Joseph Bodin de
f 1689-1755
464 Аналитический уровень _0
1 2001
a Suite VI in A
1 700 1
a Boismortier
b J. B. de
g Joseph Bodin de
f 1689-1755
464 Аналитический уровень _0
1 2001
a Gigue en Rondeau
1 700 1
a Blavet
b M.
g Michel
f 1700-1768
464 Аналитический уровень _0
1 2001
a Suite in e
1 700 1
a Braun
b J. D.
g Jean Daniel
464 Аналитический уровень _0
1 2001
a Suite in h
1 700 1
a Braun
b J. D.
g Jean Daniel
464 Аналитический уровень _0
1 2001
a Allegro in G
1 700 1
a Mahaut
b A.
g Antoine
f 18. Jh.
464 Аналитический уровень _0
1 2001
a Fantasia VII in D
1 700 1
a Telemann
b G. Ph.
g Antoine
f 1681-1767
464 Аналитический уровень _0
1 2001
a Fantasia VIII in e
1 700 1
a Telemann
b G. Ph.
g Antoine
f 1681-1767
464 Аналитический уровень _0
1 2001
a Fantasia X in fis
1 700 1
a Telemann
b G. Ph.
g Antoine
f 1681-1767
464 Аналитический уровень _0
1 2001
a Fantasia VI in d
1 700 1
a Telemann
b G. Ph.
g Antoine
f 1681-1767
464 Аналитический уровень _0
1 2001
a Partita in a
1 700 1
a Bach
b J. S.
g Johann Sebastian
f 1685-1750
464 Аналитический уровень _0
1 2001
a Caprice en Gigue
1 700 1
a Bodinus
b S.
g Sebastian
f ca.1700-1760
464 Аналитический уровень _0
1 2001
a Alla Francese
1 700 1
a Quantz
b J. J.
g Johann Joachim
f 1697-1773
464 Аналитический уровень _0
1 2001
a Capriccio in B
1 700 1
a Quantz
b J. J.
g Johann Joachim
f 1697-1773
464 Аналитический уровень _0
1 2001
a Preludio in D
1 700 1
a Quantz
b J. J.
g Johann Joachim
f 1697-1773
464 Аналитический уровень _0
1 2001
a Capriccio in G
1 700 1
a Quantz
b J. J.
g Johann Joachim
f 1697-1773
464 Аналитический уровень _0
1 2001
a Fantasia in e
1 700 1
a Quantz
b J. J.
g Johann Joachim
f 1697-1773
464 Аналитический уровень _0
1 2001
a Fantasia in C
1 700 1
a Quantz
b J. J.
g Johann Joachim
f 1697-1773
464 Аналитический уровень _0
1 2001
a Sonate in a
1 700 1
a Bach
b C. Ph. E.
g Carl Philipp Emanuel
f 1714-1788
464 Аналитический уровень _0
1 2001
a Caprice in A
1 700 1
a Delusse
b Ch.
g Charles
f ca. 1723-1798
500 Унифицированное заглавие 10
a Унифицированное заглавие Флейта
606 Тематические рубрики 0_
a Основная рубрика Флейта
x Основная подрубрика Пьесы
610 Ключевые слова 0_
a Ключевые слова флейта
610 Ключевые слова 0_
a Ключевые слова пьесы
610 Ключевые слова 0_
a Ключевые слова барокко
686 Индексы других классификаций __
a Классификационный индекс 85.957.22я43
2 Код системы rubbk
801 Источник записи _0
a Страна RU
b Организация Ульяновская ОНБ
c Дата составления 20130212
g Правила каталогизации RCR
801 Источник записи _1
a Страна RU
b Организация Ульяновская ОНБ
c Дата составления 20130212
g Правила каталогизации RCR
901 Тип документа __
t Тип документа n
w Контрольный № источника RU/УОНБ/EK_N/413976844
909 Создатель записи __
a Создатель записи Сергеева Н. С.
910 Корректоры записи __
a Корректор записи Никитина Т. А.
b Дата внесения изменения в запись 20250417
938 Служебная информация __
a Имя БД noti
b Имя библиотеки УОНБ
c Имя АИБС МАРК-SQL
d Номер DOC_ID в БД 10943